000
00241nam a2200097Ia 4500
001
683222
005
20250826161434.0
008
250824s9999 xx 000 0 und d
245
0
_a
SİYAH
_c
TALHA BORA ÖGE
260
_b
KARATAY AKADEMİ YAYINLARI
999
_c
683222
_d
683222